000 00645cam a22002053a 4500
001 34849
003 PGUSA
005 20140828083742.0
008 110104s2011||||xxu|||||s|||||000 | eng d
040 _aPGUSA
_beng
042 _adc
100 1 _aStrickland, Agnes,
_d1796-1874
245 1 4 _aThe Rival Crusoes :
_bThe Ship Wreck also A Voyage to Norway; and The Fisherman's Cottage.
_h[electronic resource] /
_cAgnes Strickland
260 _bProject Gutenberg,
_c2011
506 _aPublic domain in the USA.
516 _aElectronic text
830 0 _aProject Gutenberg
_v34849
856 4 0 _uhttp://www.gutenberg.org/ebooks/34849
942 _cEB
999 _c264104
_d264104